000 00538nam a2200205Ia 4500
003 GCL
008 140319s9999 xx 000 0 eng d
020 _a2880485125
040 _aGCL /
_cGCL
082 0 4 _a770
_bD L
100 1 _aDAYE, DAVID
245 1 0 _aLOWLIGHT PHOTOGRAPHY /
_cDAYE, DAVID
260 _aسويسرا :
_bROTOVISION SA ،
_c1999
300 _a20 CM ؛
_c127 P
490 _aBETTER PICTURE GUIDE TO
_v0
650 0 4 _aPHOTOGRAPHY
650 0 4 _aARTIFICIAL LIGHT
650 0 4 _aLOWLIGHT PHOTOGRAPHY
942 _2ddc
_cBK
999 _c6633
_d6633